000 00685nam a2200181Ia 4500
008 100921s9999 xx 000 0 und d
082 _b36342
_a891.433 0
100 _aपाटेकर श्रीकांत.
245 _aबंदुक करे इन्साफ.
260 _bडायमंड पॉकेट बुक्स,दिल्ली.
_c0
300 _a185
_b---
365 _b10
520 _aललित -हिंदी-कथा,कादं.
630 _aबंदुक करे इन्साफ.
650 _aललित -हिंदी-कथा,कादं.
730 _aबंदुक करे इन्साफ.
942 _cBOOK
999 _c785455
_d785452